[Event "Ghedi Autunn op 1st"]
[Site "Ghedi"]
[Date "2014.11.15"]
[Round "4"]
[White "Murli, Almerico"]
[Black "Fausti, Mattia"]
[Result "1-0"]
[WhiteElo "1790"]
[BlackElo "1466"]
[PlyCount "41"]
[EventDate "2014.11.08"]
[EventType "swiss"]
[EventRounds "6"]
[EventCountry "ITA"]
[SourceTitle "EXT 2017"]
[Source "ChessBase"]
[SourceDate "2016.10.25"]
[SourceVersion "1"]
[SourceVersionDate "2016.10.25"]
[SourceQuality "1"]

1. e4 e5 2. Nf3 Nc6 3. d4 exd4 4. Nxd4 Bc5 5. Nxc6 Qf6 6. Qd2 Qxc6 7. Nc3 Bb4 8. Bd3 Nf6 9. 0-0 0-0 10. Re1 Re8 11. f3 b6 12. a3 Bxc3 13. bxc3 Bb7 14. Rb1 Re7 15. Bb2 Rae8 16. c4 d6 17. Bxf6 gxf6 18. Qh6 Qc5+ 19. Kh1 Qg5 20. Qxg5+ fxg5 21. g4 1-0

[Event "Milan Befana op-B"]
[Site "Milan"]
[Date "2014.01.05"]
[Round "4"]
[White "Giaretta, Fulvio"]
[Black "Murli, Almerico"]
[Result "1-0"]
[WhiteElo "1533"]
[BlackElo "1804"]
[PlyCount "25"]
[EventDate "2014.01.02"]
[EventType "swiss"]
[EventRounds "7"]
[EventCountry "ITA"]
[SourceTitle "EXT 2015"]
[Source "ChessBase"]
[SourceDate "2014.11.20"]
[SourceVersion "1"]
[SourceVersionDate "2014.11.20"]
[SourceQuality "1"]

1. e4 g6 2. d4 Bg7 3. Be3 c6 4. Be2 d6 5. Nf3 Nf6 6. Nbd2 0-0 7. h3 Qc7 8. c3 Nbd7 9. 0-0 e5 10. dxe5 dxe5 11. Qc2 b5 12. c4 a6 13. cxb5 1-0

[Event "Milan Crespi op-A 34th"]
[Site "Milan"]
[Date "2013.12.08"]
[Round "6"]
[White "Pedroni, Marco"]
[Black "Murli, Almerico"]
[Result "1/2-1/2"]
[WhiteElo "1923"]
[BlackElo "1817"]
[PlyCount "78"]
[EventDate "2013.12.04"]
[EventType "swiss"]
[EventRounds "7"]
[EventCountry "ITA"]
[SourceTitle "EXT 2024"]
[Source "ChessBase"]
[SourceDate "2023.10.10"]
[SourceVersion "1"]
[SourceVersionDate "2023.10.10"]
[SourceQuality "1"]

1. e4 g6 2. d4 Bg7 3. Nf3 d6 4. Bc4 Nf6 5. Nc3 0-0 6. 0-0 c6 7. h3 Qc7 8. Bf4 Nbd7 9. Qe2 e5 10. dxe5 dxe5 11. Bh2 Nh5 12. Rad1 Nc5 13. g4 Nf4 14. Bxf4 exf4 15. Nd4 Ne6 16. Nxe6 Bxe6 17. Bxe6 fxe6 18. Rd3 Rad8 19. Rfd1 Bf6 20. Rxd8 Rxd8 21. Rxd8+ Qxd8 22. Qd3 Qxd3 23. cxd3 Bxc3 24. bxc3 g5 25. Kf1 Kf7 26. Ke2 Ke7 27. d4 Kd6 28. Kd3 b5 29. f3 a6 30. Kc2 Kc7 31. Kb3 Kb7 32. Ka3 Kc7 33. Kb3 Kb7 34. c4 Kb6 35. c5+ Kb7 36. Kb4 Kc7 37. a3 Kb7 38. Ka5 Ka7 39. Kb4 Kb8 1/2-1/2

[Event "Milan Crespi op-A 34th"]
[Site "Milan"]
[Date "2013.12.04"]
[Round "1"]
[White "Bonassi, Tommaso"]
[Black "Murli, Almerico"]
[Result "1-0"]
[WhiteElo "1970"]
[BlackElo "1817"]
[PlyCount "37"]
[EventDate "2013.12.04"]
[EventType "swiss"]
[EventRounds "7"]
[EventCountry "ITA"]
[SourceTitle "EXT 2024"]
[Source "ChessBase"]
[SourceDate "2023.10.10"]
[SourceVersion "1"]
[SourceVersionDate "2023.10.10"]
[SourceQuality "1"]

1. e4 g6 2. d4 Bg7 3. Nf3 d6 4. Nc3 Nf6 5. h3 0-0 6. Be3 c6 7. a4 b6 8. Qd2 Qc7 9. 0-0-0 Nbd7 10. Bh6 e5 11. Bxg7 Kxg7 12. Nh2 a6 13. Ng4 b5 14. Qh6+ Kg8 15. f4 exf4 16. e5 dxe5 17. dxe5 Nd5 18. Nxd5 cxd5 19. Nf6+ 1-0

[Event "Milan Crespi op-B 32nd"]
[Site "Milan"]
[Date "2011.12.10"]
[Round "5"]
[White "Murli, Almerico"]
[Black "Guzzetti, Luigi Enrico"]
[Result "1-0"]
[WhiteElo "1804"]
[BlackElo "1928"]
[PlyCount "51"]
[EventDate "2011.12.07"]
[EventType "swiss"]
[EventRounds "7"]
[EventCountry "ITA"]
[SourceTitle "EXT 2022"]
[Source "ChessBase"]
[SourceDate "2021.10.06"]
[SourceVersion "1"]
[SourceVersionDate "2021.10.06"]
[SourceQuality "1"]

1. e4 c5 2. Nf3 e6 3. d4 cxd4 4. Nxd4 a6 5. Bd3 Nf6 6. 0-0 Qc7 7. c4 Nc6 8. Nxc6 bxc6 9. Nc3 Be7 10. Be3 0-0 11. c5 d5 12. cxd6 Bxd6 13. f4 e5 14. f5 Rb8 15. Qe2 a5 16. Rac1 Qb7 17. Rc2 Bd7 18. g4 h6 19. h4 Kh7 20. g5 Ng8 21. gxh6 Nxh6 22. Qh5 Be8 23. f6 Rg8 24. Rg2 Bf8 25. fxg7 Bxg7 26. Rf6 1-0

[Event "Milan Crespi op-B 30th"]
[Site "Milan"]
[Date "2009.12.07"]
[Round "6"]
[White "Bisignano, Giuseppe"]
[Black "Murli, Almerico"]
[Result "1-0"]
[WhiteElo "1930"]
[BlackElo "1816"]
[PlyCount "125"]
[EventDate "2009.12.04"]
[EventType "swiss"]
[EventRounds "7"]
[EventCountry "ITA"]
[SourceTitle "EXT 2012"]
[Source "ChessBase"]
[SourceDate "2011.11.24"]
[SourceVersion "1"]
[SourceVersionDate "2011.11.24"]
[SourceQuality "1"]

1. e4 g6 2. d4 Bg7 3. Nc3 c6 4. Nf3 d6 5. Bd3 Nf6 6. 0-0 0-0 7. h3 Nbd7 8. Bf4 Qa5 9. Bd2 Qc7 10. Qe2 e5 11. d5 Re8 12. Bc4 Nb6 13. dxc6 bxc6 14. Ng5 Nxc4 15. Qxc4 Be6 16. Nxe6 Rxe6 17. Rfe1 Qb7 18. b4 d5 19. Qb3 Rd8 20. Na4 Ree8 21. Nc5 Qe7 22. Bg5 h6 23. Bh4 g5 24. Bg3 Nh5 25. Bh2 Nf4 26. Rad1 Ne6 27. Nd3 Nd4 28. Qa4 Qb7 29. Bxe5 Bxe5 30. Nxe5 Nxc2 31. Qxc2 Rxe5 32. Qc3 Rde8 33. exd5 Rxe1+ 34. Rxe1 Rxe1+ 35. Qxe1 cxd5 36. Qe8+ Kh7 37. a4 Kg7 38. b5 Qc7 39. Qe3 Qd7 40. Qd4+ Kh7 41. Kf1 Qc7 42. Qxd5 Qc1+ 43. Ke2 Qc2+ 44. Ke3 Qxa4 45. Qxf7+ Kh8 46. Qf6+ Kh7 47. Qa6 Qb3+ 48. Ke4 Qc4+ 49. Ke5 Qc7+ 50. Qd6 Qc3+ 51. Qd4 Qc7+ 52. Ke6 Qb8 53. Qd7+ Kh8 54. Kf6 Qb6+ 55. Qc6 Qxf2+ 56. Kg6 Qf8 57. Qc3+ Kg8 58. Qc4+ Kh8 59. Qd4+ Kg8 60. Qd5+ Kh8 61. Qe5+ Kg8 62. Qe6+ Kh8 63. Qf6+ 1-0

[Event "Milan Crespi op-B 30th"]
[Site "Milan"]
[Date "2009.12.06"]
[Round "3"]
[White "Murli, Almerico"]
[Black "Rossi, Giampiero"]
[Result "1/2-1/2"]
[WhiteElo "1816"]
[BlackElo "1936"]
[PlyCount "105"]
[EventDate "2009.12.04"]
[EventType "swiss"]
[EventRounds "7"]
[EventCountry "ITA"]
[SourceTitle "EXT 2012"]
[Source "ChessBase"]
[SourceDate "2011.11.24"]
[SourceVersion "1"]
[SourceVersionDate "2011.11.24"]
[SourceQuality "1"]

1. e4 c5 2. Nf3 e6 3. d4 cxd4 4. Nxd4 a6 5. Bd3 Nf6 6. 0-0 Qc7 7. c4 Nc6 8. Nxc6 dxc6 9. Nc3 e5 10. h3 Bc5 11. Qe2 Be6 12. Be3 Bxe3 13. Qxe3 0-0 14. Rac1 Qe7 15. a3 Rad8 16. Rfd1 Rfe8 17. b4 Nh5 18. Ne2 g6 19. c5 Rd7 20. Bc2 Red8 21. Rxd7 Rxd7 22. Rd1 Rxd1+ 23. Bxd1 Qd8 24. Bc2 Bc4 25. Nc3 Nf4 26. Kh2 Ne6 27. Na4 Qd4 28. Nb6 Ba2 29. Nc8 Qxe3 30. fxe3 Nd8 31. Nd6 Kf8 32. a4 Ke7 33. a5 f6 34. Kg3 Be6 35. Bd1 Nf7 36. Nxf7 Kxf7 37. Be2 Ke7 38. Kf2 h5 39. Kg3 Kf7 40. h4 Ke7 41. Kf2 Bf7 42. g3 Kd7 43. Ke1 g5 44. Kd2 g4 45. Kc3 Be6 46. Bd3 Ke7 47. Kd2 Kf7 48. Ke2 Kg6 49. Kf2 f5 50. exf5+ Bxf5 51. Ke2 Bxd3+ 52. Kxd3 Kf5 53. e4+ 1/2-1/2

[Event "Milan Crespi op-B 29th"]
[Site "Milan"]
[Date "2008.12.08"]
[Round "7"]
[White "Regorda, Vittorio"]
[Black "Murli, Almerico"]
[Result "1/2-1/2"]
[WhiteElo "1860"]
[BlackElo "1842"]
[PlyCount "80"]
[EventDate "2008.12.05"]
[EventType "swiss"]
[EventRounds "7"]
[EventCountry "ITA"]
[SourceTitle "EXT 2010"]
[Source "ChessBase"]
[SourceDate "2010.11.25"]
[SourceVersion "1"]
[SourceVersionDate "2010.11.25"]
[SourceQuality "1"]

1. d4 g6 2. Nf3 Bg7 3. Bg5 Nf6 4. e3 c5 5. c3 Qb6 6. Qb3 Qxb3 7. axb3 cxd4 8. exd4 Nc6 9. Bd3 d6 10. Nbd2 0-0 11. 0-0 h6 12. Bxf6 Bxf6 13. Rfe1 Bg4 14. h3 Bxf3 15. Nxf3 e6 16. Ra4 Rab8 17. b4 a6 18. Be4 d5 19. Bd3 Na7 20. Ne5 Bxe5 21. Rxe5 Kg7 22. Re2 Nc8 23. b5 axb5 24. Bxb5 Nd6 25. Bd3 Rfc8 26. Rb4 Ra8 27. Re1 Kf6 28. f4 Ra7 29. g4 Rca8 30. Rb6 Ra1 31. Rf1 Rxf1+ 32. Bxf1 Ke7 33. b3 Rc8 34. c4 dxc4 35. bxc4 Nxc4 36. Rxb7+ Kf6 37. Bd3 Nd2 38. Kf2 Nc4 39. h4 Na5 40. Rd7 Nc6 1/2-1/2

[Event "Bratto Martesana op"]
[Site "Bratto"]
[Date "2006.11.12"]
[Round "3"]
[White "Murli, Almerico"]
[Black "Regorda, Vittorio"]
[Result "1/2-1/2"]
[WhiteElo "1889"]
[BlackElo "1885"]
[PlyCount "28"]
[EventDate "2006.11.11"]
[EventType "swiss"]
[EventRounds "6"]
[EventCountry "ITA"]
[SourceTitle "EXT 2008"]
[Source "ChessBase"]
[SourceDate "2007.11.25"]
[SourceVersion "1"]
[SourceVersionDate "2007.11.25"]
[SourceQuality "1"]

1. e4 e6 2. d4 d5 3. Nd2 Nc6 4. Ngf3 Nf6 5. e5 Nd7 6. c3 Be7 7. Bd3 0-0 8. 0-0 f6 9. exf6 Nxf6 10. Re1 Bd6 11. Nf1 Qe8 12. Ng3 Bxg3 13. hxg3 Qh5 14. Ne5 Qxd1 1/2-1/2

[Event "Bresso op 4th"]
[Site "Bresso"]
[Date "2004.06.12"]
[Round "4"]
[White "Murli, Almerico"]
[Black "Ducci, Roberto"]
[Result "0-1"]
[WhiteElo "1830"]
[BlackElo "1748"]
[PlyCount "82"]
[EventDate "2004.06.10"]
[EventType "swiss"]
[EventRounds "6"]
[EventCountry "ITA"]
[SourceTitle "EXT 2007"]
[Source "ChessBase"]
[SourceDate "2006.11.23"]
[SourceVersion "1"]
[SourceVersionDate "2006.11.23"]
[SourceQuality "1"]

1. e4 c5 2. Nf3 Nc6 3. d4 cxd4 4. Nxd4 Nf6 5. Nc3 e5 6. Ndb5 d6 7. Bg5 a6 8. Na3 b5 9. Nd5 Be7 10. Bxf6 Bxf6 11. Bd3 Bg5 12. 0-0 Be6 13. c4 bxc4 14. Bxc4 0-0 15. Nc2 Ne7 16. Nxe7+ Qxe7 17. Bxe6 fxe6 18. g3 Rac8 19. Qd3 a5 20. Rad1 Rc5 21. Ne3 Bxe3 22. Qxe3 d5 23. exd5 exd5 24. f4 e4 25. Rd4 Rfc8 26. Rfd1 Qb7 27. Qd2 Qb6 28. Kh1 Rc2 29. Qe1 Qxb2 30. R4d2 Rxd2 31. Qxd2 Qxd2 32. Rxd2 e3 33. Re2 d4 34. Kg2 Rd8 35. Kf3 d3 36. Re1 d2 37. Rd1 Rd3 38. Ke2 Rc3 39. Rb1 Rc1 40. Rb8+ Kf7 41. Rd8 Re1+ 0-1